Manual of S E B I Act, Rules Regulations,Guidelines,circulars,etc; 2v (Record no. 148490)
[ view plain ]
| 000 -LEADER | |
|---|---|
| fixed length control field | 00403nam a2200145Ia 4500 |
| 008 - FIXED-LENGTH DATA ELEMENTS--GENERAL INFORMATION | |
| fixed length control field | 230917s9999||||xx |||||||||||||| ||und|| |
| 040 ## - CATALOGING SOURCE | |
| -- | 161040 |
| Original cataloging agency | VIVEKANANDA LIBRARY |
| 041 ## - Language | |
| -- | English |
| 082 ## - DDC NUMBER | |
| Classification number | 346.0922 P966M(16) |
| 100 ## - MAIN ENTRY--PERSONAL NAME | |
| Personal name | Puliani, Ravi |
| 245 #0 - TITLE STATEMENT | |
| Title | Manual of S E B I Act, Rules Regulations,Guidelines,circulars,etc; 2v |
| 250 ## - EDITION STATEMENT | |
| Edition statement | 16Th ed. |
| 260 ## - PUBLICATION, DISTRIBUTION, ETC. (IMPRINT) | |
| Place of publication, distribution, etc | Delhi |
| Name of publisher, distributor, etc | Bhart Law House |
| Date of publication, distribution, etc | 2009 |
| 942 ## - ADDED ENTRY ELEMENTS (KOHA) | |
| Koha item type | Books |
| Withdrawn status | Lost status | Damaged status | Not for loan | Location (home branch) | Sublocation or collection (holding branch) | Date acquired | Koha issues (times borrowed) | Koha full call number | Accession No. | Koha date last seen | Koha item type |
|---|---|---|---|---|---|---|---|---|---|---|---|
| VIVEKANANDA LIBRARY | VIVEKANANDA LIBRARY | 06/09/2010 | 346.0922 P966M(16) | 264377 | 17/09/2023 | Books | |||||
| VIVEKANANDA LIBRARY | VIVEKANANDA LIBRARY | 06/09/2010 | 346.0922 P966M(16) | 264378 | 17/09/2023 | Books |
